000
00265nam a2200109Ia 4500
008
200302s9999 xx 000 0 und d
100
_a
Ivor H. Seeley
245
_a
Building Quantities Explained
260
_b
Macmillan and Co. Ltd.
260
_c
1969
300
_a
299 P.,
999
_c
309
_d
309